000 00797nas a2200265 4500
001 BR0505463
003 BR-BrBNA
005 20231205105727.0
007 ta
008 230509b bl.|||p| |||| 00| 00por d
040 _aBR-BrBNA
_bpor
_cBiblioteca Nacional de Agricultura
041 _a(Pt)
072 _aP33
100 1 _aLopes, S.E.
100 1 _aFernandes, H.C.
100 1 _aVieira, L.B.
100 1 _aMachado, C.C.
245 1 _aCompactação de um latossolo causada pelo tráfego do "track skidder"
650 _aCOMPACTAÇÃO DO SOLO
650 _aMÁQUINA AGRÍCOLA
650 _aLATOSSOLO
773 0 _tEngenharia na Agricultura (Brazil)
_xISSN 1414-3984
_g(Oct-Dec 2004), v. 12(4) p. 271-279
_wBR0505463
909 _a202311
_bLúcia
_c55
_dLúcia Elande
942 _2AGRIS
_n0
_cANA
999 _c184370
_d184370